| 000 | 00791nam a22001817a 4500 | ||
|---|---|---|---|
| 003 | OSt | ||
| 005 | 20240527170651.0 | ||
| 008 | 240527b ||||| |||| 00| 0 eng d | ||
| 040 | _cAIMIT LIBRARY | ||
| 082 |
_a004 _bCOME |
||
| 110 |
_aSerial Publications _9168110 |
||
| 245 |
_aInternational journal of computer science and knowledge engineering / _cBy Serial Publications. |
||
| 260 |
_bSerial Publications , _c2010,2011,2012,2013,2014,2015,2016,2017. |
||
| 300 |
_bHP _c27 cm. |
||
| 440 |
_acomputer science and knowledge engineering _vVol. 4 No. 2-2010,Vol. 5 No. 2-2011,Vol. 6 No. 1&2-2012,Vol. 7 No. 1&2-2013. Vol. 9 No. 1&2-2015,Vol. 10 No.1&2-2016,Vol.11 No. 1&2-2017.Vol. 8 No. 1&2-2014. _9168111 |
||
| 610 |
_acomputer science and knowledge engineering _9168112 |
||
| 942 |
_2ddc _cBV |
||
| 999 |
_c230941 _d230941 |
||